| 000 | 00845nam a22002537a 4500 | ||
|---|---|---|---|
| 005 | 20170123162319.0 | ||
| 010 | _aA-054986 | ||
| 020 | _c20.00 | ||
| 035 | _aA-054986 | ||
| 037 | _bCen Lib/Ret | ||
| 040 |
_aDPL _bUR |
||
| 082 |
_a841 _bن ظ ا |
||
| 100 |
_aنظامی، خلیق احمد _9475 |
||
| 245 |
_aار مغان علیگڑھ / _cخلیق احمد نظامی |
||
| 246 |
_aAr mughan-e-Aligarh / _bby Khaleeq Ahmad Nizami |
||
| 260 |
_aعلی گڑھ _bایجوکیشنل بک ہاؤس _c1974 |
||
| 270 |
_bعلی گڑھ _aمسلم یونیورسٹی مارکیٹ _e202001 |
||
| 300 |
_a231p. _c21cm(Hb) |
||
| 650 |
_a ادب - اردو _v _9116202 |
||
| 650 |
_aاردو شاعری _9462 |
||
| 650 |
_aLiterature -- Urdu _9116203 |
||
| 650 |
_aUrdu poetry _9116204 |
||
| 942 |
_2ddc _cUR _h841 _mن ظ ا |
||
| 999 |
_c106949 _d106949 |
||